| 000 | 00332nam a2200121Ia 4500 | ||
|---|---|---|---|
| 008 | 231129s1987||||xx |||||||||||||| ||spa|| | ||
| 040 | _bspa | ||
| 082 | _aR 581.0724861 F632 | ||
| 245 | 0 | _aFlora de la Real Expedicion Botanica del Nuevo Reino deGranada | |
| 260 | _c1987 | ||
| 264 | _aEdiciones Cultura Hispanica | ||
| 942 |
_2ddc _cBKS |
||
| 999 |
_c14055 _d14055 |
||